00461nam a2200133Ia 4500008004100000245009900041260004900140260000900189300001000198500001200208650001600220999001900236952007200255170224s9999 xx 000 0 und d aIntimately connected: The importance of partner responsiveness for experiencing sexual desire. bJournal of Personality and Social Psychology c2016 a111:4 aOctober xPsychology. c316540d316540 001040aCLbCLd2017-02-24l0r2017-02-24 00:00:00w2017-02-24ySE